LEGO Series 19 Minifigures by Picture - Statistics

General Stats
  • This quiz has been taken 8 times
  • The average score is 11 of 16
Answer Stats
Picture Answer % Correct
Bear Costume Guy
100%
Dog Sitter
83%
Fox Costume Girl
83%
Fright Knight
83%
Galactic Bounty Hunter
83%
Monkey King
83%
Pizza Costume Guy
83%
Fire Fighter
67%
Mountain Biker
67%
Mummy Queen
67%
Rugby Player
67%
Shower Guy
67%
Video Game Champ
67%
Gardener
50%
Jungle Explorer
50%
Computer Programmer
33%
No matching quizzes found
Score Distribution
Percent of People with Each Score
Percentile by Number Answered
Your Score History
You have not taken this quiz